000
00257nam a22000977a 4500
008
240220b |||||||| |||| 00| 0 eng d
082
_a
DG
_b
EUR JENB
100
1
0
_a
Jenkins, Paul
_e
autor
_9
43473
245
_a
Batman:
_b
Jekyll y Hyde /
_c
Paul Jenkins
942
_2
ddc
999
_c
30673
_d
17057